| 000 | 04707nam a22017057a 4500 | ||
|---|---|---|---|
| 003 | PE-LiUPU | ||
| 005 | 20250813170012.0 | ||
| 008 | 221128b |||||||| |||| 00| 0 spa d | ||
| 020 | _a9786071514226 | ||
| 040 |
_aPE-LiUPU _bspa _cPE-LiUPU _erda |
||
| 082 |
_a616.96 _bB389p |
||
| 100 |
_9712 _aBecerril, Marco A. _eAutor. |
||
| 245 |
_aParasitología Médica / _cMarco A. Becerril |
||
| 250 | _a5a edición. | ||
| 264 |
_aMexico : _bMcGraw-Hill, _c2019. |
||
| 300 |
_a409 páginas : _bTablas, ilustraciones. _c27 centimetros. |
||
| 500 | _aIncluye Apendice | ||
| 500 | _aIncluye Indice | ||
| 505 | _aPrefacio -- Historia de la parasitología -- Aspectos generales de la parasitología -- Efectos de la parasitación en el aparato digestivo -- Amibiasis -- Amibas de vida libre con potencial patógeno -- Amibas comensales del hombre -- Giardiasis -- Tricomoniasis urogenital, intestinal y bucal -- Leishmaniasis -- Enfermedad de Chagas y otras tripanosomiasis -- Balantidiasis -- Cryptosporidiosis -- Isosporosis -- Sarcocistosis -- Toxoplasmosis -- Paludismo -- Cyclosporosis -- Blastocystosis -- Hymenolepiasis -- Teniasis y cisticercosis -- Hidatidosis -- Dipylidiosis -- Difilobotrosis -- Fasciolosis -- Paragonimiasis -- Esquistosomosis -- Ascariasis -- Tricocefalosis -- Enterobiasis -- Estrongiloidosis -- Unicinariasis -- Toxocariasis -- Gnatostomiasis -- Triquineliosis -- Oncocercosis -- Artrópodos de importancia medica -- Ofidismo -- Diagnostico de las parasitosis -- Tinciones y cultivos para el estudio de los parásitos -- Desarrollo de nuevos fármacos en parasitología -- Técnicas inmunológicas para el estudio de antígenos parasitarios -- Técnicas moleculares para el estudio de parásitos -- Técnicas para visualización de parásitos mediante microscopia -- Parasitosis estudiadas organizadas por sistemas -- Mapas mentales aplicados al estudio de la parasitología. | ||
| 526 | _aP203 | ||
| 526 | _aP200 | ||
| 526 | _aSEG65 | ||
| 526 | _aSEG64 | ||
| 526 | _aSEG63 | ||
| 526 | _aSEG62 | ||
| 526 | _aSEG61 | ||
| 526 | _aSEG60 | ||
| 526 | _aSEG59 | ||
| 526 | _aSEG58 | ||
| 526 | _aSEG57 | ||
| 526 | _aSEG56 | ||
| 526 | _aSEG55 | ||
| 526 | _aSEG54 | ||
| 526 | _aSEG53 | ||
| 526 | _aSEG52 | ||
| 526 | _aSEG51 | ||
| 526 | _aSEG50 | ||
| 526 | _aSEG49 | ||
| 526 | _aSEG48 | ||
| 526 | _aSEG47 | ||
| 526 | _aSEG46 | ||
| 526 | _aSEG24 | ||
| 526 | _aSEG23 | ||
| 526 | _aSEG22 | ||
| 526 | _aSEG21 | ||
| 526 | _aSEG20 | ||
| 526 | _aSEG19 | ||
| 526 | _aSEG18 | ||
| 526 | _aSEG17 | ||
| 526 | _aSEG16 | ||
| 526 | _aSEG14 | ||
| 526 | _aSEG13 | ||
| 526 | _aSEG12 | ||
| 526 | _aSEG11 | ||
| 526 | _aSEG10 | ||
| 526 | _aSEG09 | ||
| 526 | _aSEG06 | ||
| 526 | _aSEG05 | ||
| 526 | _aSEG04 | ||
| 526 | _aSEG03 | ||
| 526 | _aSEG02 | ||
| 526 | _aSEG68 | ||
| 526 | _aSEG66 | ||
| 526 | _aSEG45 | ||
| 526 | _aSEG25 | ||
| 526 | _aSEG01 | ||
| 526 | _aP163 | ||
| 526 | _aP162 | ||
| 526 | _aP161 | ||
| 526 | _aP160 | ||
| 526 | _aP159 | ||
| 526 | _aP158 | ||
| 526 | _aP157 | ||
| 526 | _aP156 | ||
| 526 | _aP155 | ||
| 526 | _aP154 | ||
| 526 | _aP153 | ||
| 526 | _aP152 | ||
| 526 | _aP151 | ||
| 526 | _aP150 | ||
| 526 | _aP149 | ||
| 526 | _aP142 | ||
| 526 | _aP141 | ||
| 526 | _aP140 | ||
| 526 | _aP139 | ||
| 526 | _aP138 | ||
| 526 | _aP137 | ||
| 526 | _aP132 | ||
| 526 | _aP131 | ||
| 526 | _aP130 | ||
| 526 | _aP126 | ||
| 526 | _aP125 | ||
| 526 | _aP124 | ||
| 526 | _aP123 | ||
| 526 | _aP115 | ||
| 526 | _aP122 | ||
| 526 | _aP121 | ||
| 526 | _aP116 | ||
| 526 | _a P114 | ||
| 526 | _aP112 | ||
| 526 | _aP111 | ||
| 526 | _aP104 | ||
| 526 | _aP103 | ||
| 526 | _aP102 | ||
| 526 | _aP101 | ||
| 526 | _aP100 | ||
| 526 | _aP96 | ||
| 526 | _aP95 | ||
| 526 | _aP93 | ||
| 526 | _aP92 | ||
| 526 | _aP91 | ||
| 526 | _aP88 | ||
| 526 | _aP83 | ||
| 526 | _aP82 | ||
| 526 | _aP79 | ||
| 526 | _aP78 | ||
| 526 | _aP75 | ||
| 526 | _aP74 | ||
| 526 | _aP71 | ||
| 526 | _aP69 | ||
| 526 | _a P51 | ||
| 526 | _aP49 | ||
| 526 | _aP48 | ||
| 526 | _aP47 | ||
| 526 | _aP33 | ||
| 526 | _aP31 | ||
| 526 | _a P30 | ||
| 526 | _aP29 | ||
| 526 | _aP27 | ||
| 526 | _aP26 | ||
| 526 | _aP25 | ||
| 526 | _aP24 | ||
| 526 | _a P22 | ||
| 526 | _aP10 | ||
| 526 | _aP09 | ||
| 526 | _a P08 | ||
| 526 | _aP06 | ||
| 526 | _aP05 | ||
| 526 | _aP04 | ||
| 526 | _aP01 | ||
| 650 | 0 |
_9713 _aParasitología |
|
| 700 |
_9714 _aAguirre Garcia, Magdalena y otros cincuenta y tres _eColaborador. |
||
| 942 |
_2ddc _cBK _n0 |
||
| 980 |
_622041 _aELI VALDERRAMA Analista Documental _81 _gALBERTO SANCHEZ Responsable de Automatización |
||
| 999 |
_c61644 _d61644 |
||